000 00440nam a2200169 4500
001 121645
003 ES-MaACL
005 20230906191806.0
007 t|
008 070214s1967 sp r ||||1| spa d
100 1 _aPortal, Marta.
_993192
245 1 3 _aEl malmuerto
_b: novela /
_cMarta Portal.
250 _a1ยช. ed.
260 _aBarcelona :
_bPlaneta,
_c1967.
300 _a216 p. ;
_c19 cm.
852 _aES-MaACL
_jC-33651
_bR.63919
999 _c121645
_d121645